[Event "GER-chT U20"]
[Site "Kelheim"]
[Date "2007.12.30"]
[Round "7.6"]
[White "Hoppe, Erich"]
[Black "Langbein, Till"]
[Result "1-0"]
[WhiteElo "1536"]
[BlackElo "1406"]
[PlyCount "55"]
[EventDate "2007.12.27"]
[EventType "team-swiss"]
[EventRounds "7"]
[EventCountry "GER"]
[SourceTitle "EXT 2022"]
[Source "ChessBase"]
[SourceDate "2021.10.06"]
[SourceVersion "1"]
[SourceVersionDate "2021.10.06"]
[SourceQuality "1"]
[WhiteTeam "Bad Mergentheim U20"]
[BlackTeam "Hofheim U20"]
[WhiteTeamCountry "GER"]
[BlackTeamCountry "GER"]

1. e4 g6 2. d4 Bg7 3. Nc3 d6 4. f4 Nd7 5. Nf3 c5 6. d5 Nh6 7. Bd3 0-0 8. Bd2 f5 9. exf5 Nxf5 10. g4 Nd4 11. h4 Nf6 12. Nxd4 cxd4 13. Ne4 Nxg4 14. h5 Ne3 15. Bxe3 dxe3 16. hxg6 hxg6 17. Qe2 Rxf4 18. Qh2 e5 19. Qh7+ Kf7 20. 0-0-0 Bf5 21. Rdg1 Rg4 22. Rxg4 Bxg4 23. Rg1 Bf5 24. Nxd6+ Qxd6 25. Bxf5 Kf8 26. Be6 Re8 27. Qxg6 Qe7 28. Rf1+ 1-0